Un reformateur français en Espagne au XVIIIe siècle / (Record no. 164019)

MARC details
000 -LEADER
campo de control de longitud fija 00790nam a22002175i 4500
001 - NÚMERO DE CONTROL
campo de control 164019
003 - IDENTIFICADOR DE NÚMERO DE CONTROL
campo de control ES-MaACL
005 - FECHA Y HORA DE LA ÚLTIMA TRANSACCIÓN
campo de control 20250822004010.0
008 - DATOS DE LONGITUD FIJA--INFORMACIÓN GENERAL
campo de control de longitud fija 050817s1892 fr | |||||||| ||fre d
040 ## - FUENTE DE CATALOGACIÓN
Centro catalogador/agencia de origen CAM
Lengua de catalogación spa
Centro/agencia transcriptor CAM
080 ## - NÚMERO DE LA CLASIFICACIÓN DECIMAL UNIVERSAL
Número de la Clasificación Decimal Universal 94(460)"1700/46"
080 ## - NÚMERO DE LA CLASIFICACIÓN DECIMAL UNIVERSAL
Número de la Clasificación Decimal Universal 929 Felipe (460) V
100 1# - ENTRADA PRINCIPAL--NOMBRE DE PERSONA
Nombre de persona Rousseau, François.
9 (RLIN) 132107
245 13 - MENCIÓN DEL TÍTULO
Título Un reformateur français en Espagne au XVIIIe siècle /
Mención de responsabilidad, etc. par François Rousseau.
260 ## - PUBLICACIÓN, DISTRIBUCIÓN, ETC.
Lugar de publicación, distribución, etc. Corbeil :
Nombre del editor, distribuidor, etc. [s.n.],
Fecha de publicación, distribución, etc. 1892 (
Fabricante Imprimerie Ed. Crété)
300 ## - DESCRIPCIÓN FÍSICA
Extensión 39 p. ;
Dimensiones 23 cm.
600 04 - PUNTO DE ACCESO ADICIONAL DE MATERIA--NOMBRE DE PERSONA
Nombre de persona Felipe
Numeración V,
Títulos y otros términos asociados al nombre Rey de España
9 (RLIN) 49182
651 #4 - PUNTO DE ACCESO ADICIONAL DE MATERIA--NOMBRE GEOGRÁFICO
Nombre geográfico España-
Subdivisión general Historia-
Subdivisión cronológica 1700-1746, Felipe V.
9 (RLIN) 8237
852 ## - LOCALIZACIÓN
Ubicación ES-MaACL
Número de control de estantería T-1411-F-5
Nota libre -- Enc. hol., conservando la cub. anterior rúst.
-- -- Enc. en un vol. facticio
Holdings
Estatus retirado Estado de pérdida Estado de daño No para préstamo Colección Biblioteca de origen Biblioteca actual Ubicación en estantería Fecha de adquisición Total de préstamos Signatura topográfica completa Código de barras Visto por última vez Precio de reemplazo Tipo de ítem Koha
        Colección de folletos Biblioteca del Ateneo de Madrid Biblioteca del Ateneo de Madrid Depósito folletos 17/01/2008   T-1411-F-5 1171902 23/02/2023 23/02/2023 Folleto